01745nam a2200349 a 450000500170000000800410001701700210005802000660007903500090014504000090015408000240016308000170018709000150020410000360021924502060025525600250046126000730048630000190055949000120057850400330059050602800062365000550090365000370095865000390099565000520103471000640108674000380115085600850118894200080127395200950128199900190137620240305165343.0040422s2003 sp |||||| 000 ||spa|c aDL M. 49938-2003 a8470887394 (Instituto Nacional de Administración Pública) a5634 dvLex a338.465.025.88(460) a346.546(460) c2222d22221 aGómez-Ferrer Rincón, Rafael13aLa Transición a la competencia :bsus costes y sus posibles compensaciones : un estudio crítico /cRafael Gómez-Ferrer Rincón ; prólogo de Tomás-Ramón Fernándezh[Recurso electrónico] aServicio en línea. a[Madrid] :bInstituto Nacional de Administración Pública ;c2003 a428 p.;c24 cm1 aDerecho aBibliografía: p. [409]-4191 aContenido solo disponible en los productos indicadosdvLex GlobaldvLex Global (Academic Edition, excluding Law Schools)dvLex Global (U.S. Academic Edition, Law Schools)dvLex Global (U.S. Academic Edition, excluding Law Schools)dvLex Global (Academic Edition, Law Schools)07aInspección de servicios públicos2Tesauro vLex072Tesauro vLexaTelecomunicaciones072Tesauro vLexaServicios públicos072Tesauro vLexaGestión de servicios públicos2 aInstituto Nacional de Administración Pública (España)0 avLex Libros (Servicio en línea)40uhttps://app.vlex.com/#/sources/transicion-competencia-costes-compensaciones-5634 cRAA 001040708VLEX9318701aBD-UINbBD-UINd2024-03-05l0p5634r2024-03-05w2024-03-05yRAA c160654d160654